000 00811nam a2200241 i 4500
001 47499
003 ES-MaACL
005 20250824014511.0
007 t|
008 030429s2002 sp ||||1| spa d
020 _a84-7671-677-X
080 _a792 (460.253 B.)"18"
080 _a725.882(460.253 B.)"18"
100 1 _aSuárez Muñoz, Ángel.
_9108643
245 1 3 _aEl teatro López de Ayala
_b: la escena en Badajoz a finales del siglo XIX (1887-1900) /
_cAngel Suárez Muñoz.
260 _aMérida (Badajoz) :
_bEditora Regional de Extremadura,
_c[2002]
300 _a411 p. :
_bil. ;
_c21 cm.
504 _aBibliografía: p. 408-411.
610 2 7 _aTeatro López de Ayala (Badajoz)
_96921
650 1 4 _aTeatro-
_zBadajoz
_917297
852 _aES-MaACL
_jL-26275
_bR.131708
999 _c47499
_d47499